00220nam a2200097Ia 4500008004100000041001200041100001200053245004500065260000600110650000600116221030s9999 xx 000 0 und d aEnglish aP. Garg 0aElementary Civil Engineeringcby P. Garg c0 aB